Statystyki dla Stolice wszystkich państw świata (Bardzo Trudne)

Kliknij tutaj aby rozwiązać quiz!

Ogólne statystyki

  • Ten quiz został rozwiązany 27 razy
    (7 od ostatniego zresetowania)
  • Średni wynik to 104 z 299

Statystyki odpowiedzi

KrajStolica% Poprawnych
IrlandiaDublin
100%
HolandiaAmsterdam
80%
BrazyliaBrasilia
80%
TanzaniaDodoma
80%
IndonezjaDżakarta
80%
FinlandiaHelsinki
80%
LuksemburgLuksemburg
80%
BiałoruśMińsk
80%
KanadaOttawa
80%
ChinyPekin
80%
WłochyRzym
80%
Bośnia i HercegowinaSarajewo
80%
FidżiSuva
80%
ErytreaAsmara
60%
KazachstanAstana
60%
GrecjaAteny
60%
MaliBamako
60%
NiemcyBerlin
60%
SzwajcariaBerno
60%
BelgiaBruksela
60%
WęgryBudapeszt
60%
ArgentynaBuenos Aires
60%
Timor WschodniDili
60%
Sudan PołudniowyDżuba
60%
SzkocjaEdynburg
60%
ArmeniaErywań
60%
BotswanaGaborone
60%
GujanaGeorgetown
60%
GwatemalaGwatemala
60%
IzraelJerozolima
60%
UkrainaKijów
60%
MołdawiaKiszyniów
60%
DaniaKopenhaga
60%
TogoLome
60%
Wielka BrytaniaLondyn
60%
MakauMakau
60%
NikaraguaManagua
60%
MozambikMaputo
60%
MonakoMonako
60%
MjanmaNaypyidaw
60%
NigerNiamey
60%
IndieNowe Delhi
60%
NorwegiaOslo
60%
CzechyPraga
60%
KosowoPrisztina
60%
MarokoRabat
60%
IslandiaReykjavik
60%
JemenSana
60%
SingapurSingapur
60%
BułgariaSofia
60%
BoliwiaSucre/ La paz
60%
SzwecjaSztokholm
60%
GruzjaTbilisi
60%
HondurasTegucigalpa
60%
JaponiaTokio
60%
MaltaValetta
60%
PolskaWarszawa
60%
AustriaWiedeń
60%
LitwaWilno
60%
NamibiaWindhuk
60%
NigeriaAbudża
40%
Zjednoczone Emiraty ArabskieAbu Zabi
40%
EtiopiaAddis Abeba
40%
GhanaAkra
40%
AlgieriaAlgier
40%
JordaniaAmman
40%
AndoraAndora
40%
TurcjaAnkara
40%
MadagaskarAntananarywa
40%
SamoaApia
40%
ParagwajAsunción
40%
TurkmenistanAszchabad
40%
IrakBagdad
40%
KiribatiBairiki / Tarawa
40%
AzerbejdżanBaku
40%
TajlandiaBangkok
40%
Saint Kitts i NevisBasseterre
40%
LibanBejrut
40%
Irlandia PółnocnaBelfast
40%
SerbiaBelgrad
40%
BelizeBelmopan
40%
Gwinea BissauBissau
40%
KirgistanBiszkek
40%
KolumbiaBogota
40%
SłowacjaBratysława
40%
KongoBrazzaville
40%
RumuniaBukareszt
40%
AustraliaCanberra
40%
WenezuelaCaracas
40%
SudanChartum
40%
SenegalDakar
40%
SyriaDamaszek
40%
Wyspy MarshallaDelap / Majuro
40%
BangladeszDhaka
40%
KatarDoha
40%
TadżykistanDuszanbe
40%
DżibutiDżibuti
40%
Sierra LeoneFreetown
40%
WietnamHanoi
40%
ZimbabweHarare
40%
KubaHawana
40%
Hong KongHong Kong
40%
Wyspy SalomonaHoniara
40%
PakistanIslamabad
40%
Wybrzeże Kości SłoniowejJamusukro
40%
KamerunJaunde
40%
AfganistanKabul
40%
EgiptKair
40%
UgandaKampala
40%
NepalKatmandu
40%
JamajkaKingston
40%
Saint Vincent i GrenadynyKingstown
40%
Demokratyczna Republika KongaKinszasa
40%
GwineaKonakry
40%
MalezjaKuala Lumpur
40%
KuwejtKuwejt
40%
PeruLima
40%
PortugaliaLizbona
40%
AngolaLuanda
40%
SłoweniaLublana
40%
ZambiaLusaka
40%
HiszpaniaMadryt
40%
Gwinea RównikowaMalabo
40%
MalediwyMale
40%
FilipinyManila
40%
OmanMaskat
40%
EswatiniMbabane
40%
MeksykMeksyk
40%
SomaliaMogadiszu
40%
BawariaMonachium
40%
LiberiaMonrovia
40%
UrugwajMontevideo
40%
RosjaMoskwa
40%
KeniaNairobi
40%
BahamyNassau
40%
MauretaniaNawakszut
40%
CzadNdżamena
40%
CyprNikozja
40%
Cypr PółnocnyNikozja
40%
TongaNuku‘alofa
40%
SycyliaPalermo
40%
MikronezjaPalikir
40%
PanamaPanama
40%
SurinamParamaribo
40%
FrancjaParyż
40%
KambodżaPhnom Penh
40%
Korea PółnocnaPjongjang
40%
CzarnogóraPodgorica
40%
MauritiusPort Louis
40%
Papua-Nowa GwineaPort Moresby
40%
Trynidad i TobagoPort of Spain
40%
BeninPorto-Novo
40%
Republika Zielonego PrzylądkaPraia
40%
Republika Południowej AfrykiPretoria/ Kapsztad/ Bloemfontein
40%
EkwadorQuito
40%
Arabia SaudyjskaRijad
40%
DominikaRoseau
40%
ŁotwaRyga
40%
Antigua i BarbudaSaint John's
40%
KostarykaSan José
40%
San MarinoSan Marino
40%
SalwadorSan Salvador
40%
ChileSantiago
40%
DominikanaSanto Domingo
40%
Wyspy Świętego Tomasza i KsiążecaSao Tome
40%
Korea PołudniowaSeul
40%
Macedonia PólnocnaSkopje
40%
TajwanTajpej
40%
EstoniaTallinn
40%
UzbekistanTaszkent
40%
IranTeheran
40%
BhutanThimphu
40%
AlbaniaTirana
40%
LibiaTrypolis
40%
TunezjaTunis
40%
MongoliaUłan Bator
40%
TuvaluVaiaku / Funafuti
40%
SeszeleVictoria
40%
Burkina FasoWagadugu
40%
Stany ZjednoczoneWaszyngton
40%
WatykanWatykan
40%
Nowa ZelandiaWellington
40%
LaosWientian
40%
NauruYaren
40%
ChorwacjaZagrzeb
40%
PitcairnAdamstown
20%
NiueAlofi
20%
Sahara ZachodniaAl-Ujun
20%
Dolina AostyAosta
20%
TokelauAtafu
20%
Wyspy CookaAvarua
20%
BruneiBandar Seri Begawan
20%
GambiaBandżul
20%
Republika ŚrodkowoafrykańskaBangi
20%
KataloniaBarcelona
20%
GwadelupaBasse-Terre
20%
BarbadosBridgetown
20%
SardyniaCagliari
20%
Mariany PółnocneCapital Hill / Saipan
20%
WaliaCardiff
20%
Saint LuciaCastries
20%
Osetia PołudniowaCchinwali
20%
Wyspy Dziewicze Stanów ZjednoczonychCharlotte Amalie
20%
Turks i CaicosCockburn Town
20%
Brytyjskie Terytorium
Oceanu Indyjskiego
Diego Garcia
20%
Wyspa ManDouglas
20%
KałmucjaElista
20%
Wyspy Bożego NarodzeniaFlying Fish Cove
20%
MartynikaFort-de-France
20%
KajmanyGeorge Town
20%
GibraltarGibraltar
20%
BurundiGitega
20%
CzeczeniaGrozny
20%
Saint-BarthélemyGustavia
20%
GuamHagåtña
20%
BermudyHamilton
20%
Wyspa WielkanocnaHanga Roa
20%
KurdystanIrbil / Kirkuk
20%
Wyspa Świętej HelenyJamestown
20%
Gujana FrancuskaKajenna
20%
RwandaKigali
20%
NorfolkKingston
20%
BonaireKralendijk
20%
GabonLibreville
20%
MalawiLilongwe
20%
SvalbardLongyearbyen
20%
DagestanMachaczkała
20%
MajottaMamoudzou
20%
BahrajnManama
20%
Saint-MartinMarigot
20%
LesothoMaseru
20%
Wallis i FutunaMata Utu
20%
KomoryMoroni
20%
PalauNgerulmud
20%
WojwodinaNowy Sad
20%
Nowa KaledoniaNumea
20%
GrenlandiaNuuk
20%
ArubaOranjestad
20%
Sint EustatiusOranjestad
20%
Samoa AmerykańskiePago Pago / Fagatogo
20%
Polinezja FrancuskaPapeete
20%
MontserratPlymouth/ Brades
20%
HaitiPort-au-Prince
20%
VanuatuPort Vila
20%
PalestynaRamallah
20%
Brytyjskie Wyspy DziewiczeRoad Town
20%
GrenadaSaint George's
20%
GuernseySaint Peter Port
20%
Saint-Pierre i MiquelonSaint-Pierre
20%
PortorykoSan Juan
20%
Sri LankaSri Dźajawardanapura Kotte
20%
FalklandyStanley
20%
AbchazjaSuchumi
20%
SabaThe Bottom
20%
AnguillaThe Valley
20%
Wyspy OwczeThorshavn
20%
NaddniestrzeTyraspol
20%
LiechtensteinVaduz
20%
Wyspy KokosoweWest Island
20%
CuraçaoWillemstad
20%
ChakasjaAbakan
0%
AdżariaBatumi
0%
Górski BadachszanChorog
0%
CzuwaszjaCzeboksary
0%
Karaczajo-CzerkiesjaCzerkiesk
0%
Tristan da CunhaEdinburgh of the Seven Seas
0%
Wyspa WniebowstąpieniaGeorgetown
0%
Republika AłtajuGornoałtajsk
0%
SomalilandHargejsa
0%
UdmurcjaIżewsk
0%
JakucjaJakuck
0%
Mari ElJoszkar-Oła
0%
TatarstanKazań
0%
GagauzjaKomrat
0%
TuwaKyzył
0%
Tybetański Region AutonomicznyLhasa
0%
Wyspy AlandzkieMaarianhamina
0%
InguszetiaMagas
0%
AdygejaMajkop
0%
OkinawaNaha
0%
Kabardo-BałkariaNalczyk
0%
KarakałpacjaNukus
0%
Sint MaartenPhilipsburgh
0%
KareliaPietrozawodsk
0%
ReunionSaint Denis
0%
JerseySaint Helier
0%
Francuskie Terytoria Południowe i AntarktyczneSaint Pierre
0%
HokkaidoSapporo
0%
MordowiaSarańsk
0%
Republika KomiSyktywkar
0%
Friuli-Wenecja JulijskaTriest
0%
Trydent-Górna AdygaTrydent
0%
OksytaniaTuluza
0%
BaszkortostanUfa
0%
BuriacjaUłan Ude
0%
SinciangUrumczi
0%
Kraj BaskówVitoria-Gasteiz
0%
Osetia PółnocnaWładykaukaz
0%
ZanzibarZanzibar
0%

Rozkład punktacji

Percentyl według liczby udzielonych odpowiedzi

Procent ludzi z każdym wynikiem

Twoja historia wyników

Nie rozwiązałeś tego quizu od ostatniego zresetowania